000 01097nas a2200361 4500
001 BR2013004353
003 BR-BrBNA
005 20231205122454.0
007 ta
008 230509b bl.|||p| |||| 00| 00por d
040 _aBR-BrBNA
_bpor
_cBiblioteca Nacional de Agricultura
041 _a(Pt)
072 _aL51
100 1 _aD'Agostini, P.
100 1 _aGomes, P.C.
100 1 _aMello, H.H.C.
100 1 _aCalderano, A.A.
100 1 _aSá, L.M.
100 1 _aRostagno, H.S.
100 1 _aAlbino, L.F.T.
245 1 _aExigência de metionina + cistina para frangas de reposição na fase recria de 13 a 18 semanas de idade
650 _aGALINHA PARA POSTURA
650 _aMETIONINA
650 _aCISTINA
650 _aAMINOÁCIDO
650 _aRECRIA
650 _aEXIGÊNCIA NUTRICIONAL
650 _aGANHO DE PESO
650 _aMATURIDADE SEXUAL
773 0 _tArquivo Brasileiro de Medicina Veterinária e Zootecnia (Brazil)
_xISSN 0102-0935
_g(Dec 2012), v. 64(6) p. 1691-1698
_wBR2013004353
909 _a202311
_bLúcia
_c55
_dLúcia Elande
942 _2AGRIS
_n0
_cANA
999 _c228824
_d228824